FURNITURE ILLUSTRALED HISTORY OF FURNITURE (Record no. 1222099)

MARC details
000 -LEADER
fixed length control field 00413nam a22001577a 4500
005 - DATE AND TIME OF LATEST TRANSACTION
control field 20260527110856.0
008 - FIXED-LENGTH DATA ELEMENTS--GENERAL INFORMATION
fixed length control field 260527b |||||||| |||| 00| 0 eng d
041 ## - LANGUAGE CODE
Source of code ENGLISH
100 ## - MAIN ENTRY--PERSONAL NAME
Personal name FREDERICK LITCH FIELD
245 ## - TITLE STATEMENT
Title FURNITURE ILLUSTRALED HISTORY OF FURNITURE
250 ## - EDITION STATEMENT
Edition statement 2011
260 ## - PUBLICATION, DISTRIBUTION, ETC. (IMPRINT)
Place of publication, distribution, etc LONDON
Name of publisher, distributor, etc ARCTUREUS PUBLISHING LIMITED
Date of publication, distribution, etc 1/12/2025
300 ## - PHYSICAL DESCRIPTION
Extent H-458
365 ## - TRADE PRICE
Price amount 2495.00
942 ## - ADDED ENTRY ELEMENTS (KOHA)
Item type Book

No items available.